Corrosion Performance of Ceramic Coatings Based on SiC and MoSi2 on Ni-Based Superalloy for Iodine Sulfur Cycle for Hydrogen Production / (Record no. 602031)

000 -LEADER
fixed length control field 00552nam a2200157Ia 4500
008 - FIXED-LENGTH DATA ELEMENTS--GENERAL INFORMATION
fixed length control field 230907s9999||||xx |||||||||||||| ||und||
082 ## - DEWEY DECIMAL CLASSIFICATION NUMBER
Classification number 621.3
Author Mark HUS
100 ## - MAIN ENTRY--PERSONAL NAME
Personal name Zain Hussain (00000319704)
9 (RLIN) 116683
245 #0 - TITLE STATEMENT
Title Corrosion Performance of Ceramic Coatings Based on SiC and MoSi2 on Ni-Based Superalloy for Iodine Sulfur Cycle for Hydrogen Production /
260 ## - PUBLICATION, DISTRIBUTION, ETC.
Place of publication, distribution, etc. USPCAS-E, NUST,
Name of publisher, distributor, etc. Islamabad :
Date of publication, distribution, etc. 2022
300 ## - PHYSICAL DESCRIPTION
Extent xiii, 75 p.
520 ## - SUMMARY, ETC.
Summary, etc. TH-353
650 ## - SUBJECT ADDED ENTRY--TOPICAL TERM
Topical term or geographic name entry element MS-TEE Thesis MS Thesis
700 ## - ADDED ENTRY--PERSONAL NAME
Personal name Dr. Zuhair S. Khan
9 (RLIN) 28871
942 ## - ADDED ENTRY ELEMENTS (KOHA)
Koha item type Thesis
Source of classification or shelving scheme
Holdings
Withdrawn status Lost status Source of classification or shelving scheme Damaged status Not for loan Permanent Location Current Location Date acquired Full call number Barcode Date last seen Price effective from Koha item type
          US-Pakistan Center for Advanced Studies in Energy (USPCAS-E) US-Pakistan Center for Advanced Studies in Energy (USPCAS-E) 04/12/2022 621.3 HUS CAS-ETH0000353 09/12/2023 09/12/2023 Thesis
© 2023 Central Library, National University of Sciences and Technology. All Rights Reserved.